Framework 3 Effizientes Arbeiten durch Texverarbeitung, Datenbank, Tabellen, Integration, Kommunikation, Grafik

Salvato in:
Dettagli Bibliografici
Autore principale: Janson, Alexander
Natura: Libro
Lingua:tedesco
Pubblicazione: München Franzis 1989
Edizione:1. Aufl.
Tags: Aggiungi Tag
Nessun Tag, puoi essere il primo ad aggiungerne!!

MARC

LEADER 00000nam a2200000 4500
001 c041570
005 20221215124415.0
041 0 |a ger 
044 |a DE 
245 1 0 |a Framework 3  |b Effizientes Arbeiten durch Texverarbeitung, Datenbank, Tabellen, Integration, Kommunikation, Grafik  |c Alexander Janson 
250 |a 1. Aufl. 
264 1 |a München  |b Franzis  |c 1989 
300 |a 406 s. 
100 1 |a Janson, Alexander